LEADER 01071nam0 22003131i 450 001 RML0265854 005 20231121125722.0 010 $a0291398359 100 $a20121121d1998 ||||0itac50 ba 101 | $aeng 102 $agb 181 1$6z01$ai $bxxxe 182 1$6z01$an 200 1 $aComputational hydraulics$fMichael B. Abbott, Anthony W. Minns 205 $a2. ed 210 $aAldershot $cAshgate $d1998 215 $axviii, 557 p.$d24 cm. 606 $aIngegneria idraulica$2FIR$3RMLC156571$9I 676 $a627.0285$9$v21 700 1$aAbbott$b, Michael B.$3RMLV170800$0284380 701 1$aMinns$b, Anthony W.$3RMLV170799$01444468 801 3$aIT$bIT-01$c20121121 850 $aIT-FR0099 899 $aBiblioteca Area Ingegneristica$bFR0099 912 $aRML0265854 950 0$aBiblioteca Area Ingegneristica$d 54DMS 627 ABB$e 54VM 0000362225 VM barcode:BAIN004923. - Inventario:1036MVM$fA $h20031110$i20121204 977 $a 54 996 $aComputational hydraulics$93624628 997 $aUNICAS LEADER 01980nam--2200469---450- 001 990003152000203316 005 20080929102442.0 010 $a978-92-79-07592-6$bvol. 1 010 $a978-92-79-07595-7$bvol. 2 035 $a000315200 035 $aUSA01000315200 035 $a(ALEPH)000315200USA01 035 $a000315200 100 $a20080929d2008----km-y0itay0103----ba 101 $afre 102 $aLU 105 $a||||||||001yy 200 1 $aRapport stratégique concernant la stratégie renouvelée de Lisbonne pour la croissance et l'emploi$elancement du nouveau cycle (2008-2010)$fCommission européenne 210 $aLuxembourg$cOffice des publications officielles des Communautés européennes$d2008 215 $a2 v. (25, 241 p.)$cill.$d30 cm 300 $aIn testa al front.: Communication de la Commission au Conseil européen de printemps 2008 327 1 $a<1>: Garder la cadence des réformes ; <2>: Évaluation des programmes nationaux de réforme 451 1$1001000315205$aStrategic report on the renewed Lisbon 601 02$aUnione europea$xPolitica economica$2BNCF 606 0 $aSviluppo economico$xPaesi della Comunità europea$2BNCF 676 $a338.94 699 $a02.01$bPolitica di sviluppo. Strategia di Lisbona 710 02$aCommissione europea$0333284 801 0$aIT$bsalbc$gISBD 912 $a990003152000203316 951 $aCDE 02.01 (LXXIII.1)$bCDE 1866$cCDE 02.01$d00150280 951 $aCDE 02.01 (LXXIII.2)$bCDE 1867$cCDE 02.01$d00150285 959 $aBK 969 $aCDE 979 $aMARIAS$b90$c20080929$lUSA01$h1004 979 $aMARIAS$b90$c20080929$lUSA01$h1014 979 $aMARIAS$b90$c20080929$lUSA01$h1018 979 $aMARIAS$b90$c20080929$lUSA01$h1023 979 $aMARIAS$b90$c20080929$lUSA01$h1024 979 $aBATCH-UPD$b90$c20111212$lUSA01$h1717 996 $aRapport stratégique concernant la stratégie renouvelée de Lisbonne pour la croissance et l'emploi$91018327 997 $aUNISA